مكتبة جامعة عجلون الوطنية

فهرس بحث المكتبة

Normal view MARC view
  • القانون الاداري - الاردن - الادارة المحلية - قوانين وتشريعات - الاردن

Entry Topical Term

Number of records used in: 1

001 - CONTROL NUMBER

  • control field: 47111

003 - CONTROL NUMBER IDENTIFIER

  • control field: JO-AjAnu

005 - DATE AND TIME OF LATEST TRANSACTION

  • control field: 20230606081800.0

008 - FIXED-LENGTH DATA ELEMENTS

  • fixed length control field: 230606|| aca||aabn | a|a d

040 ## - CATALOGING SOURCE

  • Original cataloging agency: JO-AjAnu
  • Transcribing agency: JO-AjAnu

150 ## - HEADING--TOPICAL TERM

  • Topical term or geographic name entry element: القانون الاداري - الاردن - الادارة المحلية - قوانين وتشريعات - الاردن

670 ## - SOURCE DATA FOUND

  • Source citation: Work cat.: (JO-AjAnu)24110: إعداد الزعبي، خالد سمارة, author 47110, مجموعة التشريعات الإدارية: القوانين والأنظمة المعمول بها في وزارة الداخلية والمتعلقة بنظام الإدارة المحلية في المملكة الأردنية الهاشمية